NLSUI OPAC header image

Quest for justice (Record no. 36795)

MARC details
000 -LEADER
fixed length control field 00429nam a2200157Ia 4500
008 - FIXED-LENGTH DATA ELEMENTS--GENERAL INFORMATION
fixed length control field 160316s1993 xxu||||| |||| 00| 0 eng d
082 ## - DEWEY DECIMAL CLASSIFICATION NUMBER
Classification number 344.046000
Item number KAN
100 ## - MAIN ENTRY--PERSONAL NAME
Personal name Kanwalli Sadanand
245 ## - TITLE STATEMENT
Title Quest for justice
250 ## - EDITION STATEMENT
Edition statement
260 ## - PUBLICATION, DISTRIBUTION, ETC.
Place of publication, distribution, etc. Dharwad
Name of publisher, distributor, etc. Samaj Parivartana Samudaya
Date of publication, distribution, etc. 1993
300 ## - PHYSICAL DESCRIPTION
Extent 147
Other physical details
Dimensions
365 ## - TRADE PRICE
Price amount Rs. 50/-
650 ## - SUBJECT ADDED ENTRY--TOPICAL TERM
Topical term or geographic name entry element 1. Pro-industry stance<br/>2. Distruction - forests<br/>3. justice
700 ## - ADDED ENTRY--PERSONAL NAME
Personal name
--
Holdings
Withdrawn status Lost status Damaged status Not for loan Home library Current library Shelving location Date acquired Total Checkouts Full call number Barcode Date last seen Price effective from Koha item type
        . .   30.05.2017   344.046 KAN REP12338 30.05.2017 30.05.2017 Repository